Actas VII congreso chileno de ingeniería de transporte
Uloženo v:
| Korporativní autor: | |
|---|---|
| Médium: | Kniha |
| Jazyk: | španělština |
| Vydáno: |
Santiago
Pakata Productora
1995
|
| Témata: | |
| Tagy: |
Přidat tag
Žádné tagy, Buďte první, kdo vytvoří štítek k tomuto záznamu!
|
MARC
| LEADER | 00000nam a2200000 a 4500 | ||
|---|---|---|---|
| 001 | UCS4423 | ||
| 003 | CL-VaPUC | ||
| 005 | 20220315074414.0 | ||
| 008 | 970801e19950000cl 1 spa d | ||
| 082 | 0 | 4 | |a 629.04 |b CON |2 21 |
| 110 | 2 | |a Congreso Chileno de Ingeniería de Transporte |e author |9 618463 | |
| 245 | 1 | 0 | |a Actas VII congreso chileno de ingeniería de transporte |
| 260 | |a Santiago |b Pakata Productora |c 1995 | ||
| 300 | |a 698 p | ||
| 583 | |a last modification |c 19970801 00:00:00 |k Rodrigo Vera | ||
| 650 | 0 | 0 | |a Ingeniería de transporte |9 260427 |
| 650 | 0 | 7 | |a ECONOMIA DEL TRANSPORTE |2 CL-VaPUC |9 357664 |
| 650 | 0 | 7 | |a INFRAESTRUCTURAS DE TRANSPORTE |2 CL-VaPUC |9 502708 |
| 650 | 0 | 7 | |a TRANSITO |2 CL-VaPUC |9 618464 |
| 650 | 0 | 0 | |a Transporte público |9 348060 |
| 650 | 0 | 0 | |a Redes de transporte |9 354584 |
| 650 | 0 | 0 | |a Congresos |9 257560 |
| 942 | |c BK | ||
| 945 | |a rleighto |d 19970801 00:00:00 | ||
| 546 | |a En Español | ||
| 518 | |p Congreso Chileno de Ingeniería de Transporte, 7, Santiago, 17 al 20 de Octubre 1995 | ||
| 999 | |c 382967 |d 382965 | ||
| 952 | |0 0 |1 0 |4 0 |6 629_040000000000000_CON_1995 |7 0 |8 A |9 504928 |a BIBING |b BIBING |d 2020-01-23 |i 3335763 |o 629.04 CON 1995 |p 3335763 |r 2025-01-20 |w 2020-01-23 |y BK |k TRA | ||
| 952 | |0 0 |1 0 |4 0 |6 629_040000000000000_CON_1995 |7 0 |8 A |9 504929 |a BIBING |b BIBING |d 2020-01-23 |i 3335771 |o 629.04 CON 1995 |p 3335771 |r 2025-01-20 |w 2020-01-23 |y BK |k TRA | ||